Campeones de las mayores competiciones de futbol (selecciones) -fácil - Estadísticas

Estadísticas generales
  • Esta prueba ha sido intentada 1.307 veces
    74 desde el último reinicio
  • La puntuación promedio es 207 de 224
Estadísticas de respuestas
Campeonato Pais % Correcto
Copa Confederaciones 2017 | Copa del Mundo 1954 | Copa del Mundo 1974 | +5 others Alemania
100%
Copa America 1921 | Copa America 1925 | Copa America 1927 | +20 others Argentina
100%
Copa America 1919 | Copa America 1922 | Copa America 1949 | +17 others Brasil
100%
Copa del Mundo 2010 | Eurocopa 1964 | Eurocopa 2008 | +5 others España
100%
Copa del Mundo 1934 | Copa del Mundo 1938 | Copa del Mundo 1982 | +4 others Italia
100%
Copa Confederaciones 1999 | Copa Oro 1965 | Copa Oro 1971 | +13 others Mexico
100%
Copa America 1916 | Copa America 1917 | Copa America 1920 | +16 others Uruguay
100%
Copa Asiatica 2015 | Copa de Oceania 1980 | Copa de Oceania 1996 | +2 others Australia
98%
Copa Oro 1991 | Copa Oro 2002 | Copa Oro 2005 | +7 others Estados Unidos
98%
Copa Confederaciones 2001 | Copa Confederaciones 2003 | Copa del Mundo 1998 | +5 others Francia
98%
Copa Asiatica 1992 | Copa Asiatica 2000 | Copa Asiatica 2004 | Copa Asiatica 2011 Japon
98%
Copa America 2001 Colombia
97%
Copa Asiatica 1956 | Copa Asiatica 1960 Corea del Sur
97%
Eurocopa 2016 | Liga de Naciones UEFA 2019 | Liga de Naciones UEFA 2025 Portugal
97%
Copa America 2015 | Copa America 2016 Chile
95%
Copa Africana 1976 Marruecos
95%
Copa de Oceania 1973 | Copa de Oceania 1998 | Copa de Oceania 2002 | +3 others Nueva Zelanda
95%
JJOO 1908 | JJOO 1912 Reino Unido
95%
Copa Oro 1985 | Copa Oro 2000 Canada
93%
Eurocopa 2004 Grecia
93%
Eurocopa 1988 Paises Bajos
93%
Copa America 1939 | Copa America 1975 Peru
93%
Copa Africana 2021 | Copa Africana 2025 Senegal
93%
Copa Africana 1957 | Copa Africana 1959 | Copa Africana 1986 | +4 others Egipto
92%
Copa del Mundo 1966 Inglaterra
92%
Copa Africana 1996 Sudafrica
90%
Eurocopa 1960 | JJOO 1956 | JJOO 1988 Union Sovietica
90%
Copa America 1963 Bolivia
88%
Copa Africana 1984 | Copa Africana 1988 | Copa Africana 2000 | +3 others Camerun
88%
Copa America 1953 | Copa America 1979 Paraguay
88%
Copa Asiatica 1984 | Copa Asiatica 1988 | Copa Asiatica 1996 Arabia Saudita
86%
Copa Confederaciones 1995 | Eurocopa 1992 Dinamarca
86%
JJOO 1948 Suecia
86%
Copa Africana 1990 | Copa Africana 2019 Argelia
85%
Copa Africana 1980 | Copa Africana 1994 | Copa Africana 2013 | JJOO 1996 Nigeria
85%
Copa Asiatica 1968 | Copa Asiatica 1972 | Copa Asiatica 1976 Iran
83%
JJOO 1960 Yugoslavia
83%
Copa Africana 1974 Zaire
83%
Copa Asiatica 2007 Irak
81%
Copa Africana 1972 Congo
80%
Copa Africana 1968 Congo RD
80%
Copa Africana 1992 | Copa Africana 2015 | Copa Africana 2023 Costa de Marfil
80%
Copa Asiatica 2019 | Copa Asiatica 2023 Catar
78%
Copa Oro 1963 | Copa Oro 1969 | Copa Oro 1989 Costa rica
78%
Copa Africana 1963 | Copa Africana 1965 | Copa Africana 1978 | Copa Africana 1982 Ghana
76%
Copa Oro 1981 Honduras
76%
JJOO 1920 Belgica
73%
Eurocopa 1976 | JJOO 1980 Checoslovaquia
73%
JJOO 1952 | JJOO 1964 | JJOO 1968 Hungria
73%
Copa Africana 2004 Tunez
66%
Copa Oro 1967 Guatemala
64%
JJOO 1972 Polonia
64%
Copa Oro 1973 Haiti
61%
Copa Asiatica 1964 Israel
53%
Copa Africana 1970 Sudan
53%
Copa Africana 2012 Zambia
51%
Copa Africana 1962 Etiopia
47%
JJOO 1976 Alemania oriental
39%
Copa Asiatica 1980 Kuwait
39%
Copa de Oceania 2012 Tahiti
27%
No se encontraron pruebas coincidentes
Distribución de puntuación
Porcentaje de gente con cada puntuación
Porcentaje por número respondido
Historial de tus puntuaciones
No has intentado esta prueba desde el último reinicio